000 00530nam a2200193 4500
001 136252
003 ES-MaACL
005 20230906195053.0
007 t|
008 070214s1959 sp r ||||1| spa d
100 1 _aRull Villar, Baltasar.
_9100980
245 1 0 _aMemorias de un juez espaƱol /
_cBaltasar Rull Villar.
260 _aMadrid :
_bAguilar,
_c1959.
300 _a273 p. ;
_c21 cm.
490 1 _aCol. Literaria
830 0 _aCol. Literaria
_9187024
852 _aES-MaACL
_jC-17127
_bR.44863
999 _c136252
_d136252